000 00567nam a2200205Ia 4500
003 OSt
005 20240403123215.0
008 210210b1975 xxu||||| |||| 00| 0 eng d
040 _cAL
041 _aKannada
082 _aK894.9 SITM
100 _aSITARAMAYYA (V).
_dವಿ.ಸೀತಾರಾಮಯ್ಯ.
_9158015
245 _aMahakavi Pampa.
_bಮಹಾಕವಿ ಪಂಪ
260 _aMaisuru
_bKannada Adhyayana Samsthe
_c1975
300 _axii,328
650 _aPampa
_9158016
690 _aKannada Criticism
_9158017
906 _a031456
942 _2ddc
_cBK
999 _c82586
_d82586